<?xml version="1.0" encoding="UTF-8"?>
<collection xmlns="http://www.loc.gov/MARC21/slim">
 <record>
  <leader>01021nam a2200169   4500</leader>
  <controlfield tag="001">1/22961</controlfield>
  <controlfield tag="008">031125s2004    gr            101 0 gre  </controlfield>
  <datafield tag="035" ind1=" " ind2=" ">
   <subfield code="l">24475</subfield>
  </datafield>
  <datafield tag="040" ind1=" " ind2=" ">
   <subfield code="a">GR-PeUP</subfield>
  </datafield>
  <datafield tag="082" ind1="0" ind2="0">
   <subfield code="a">330.94 ΔΙΕ</subfield>
  </datafield>
  <datafield tag="111" ind1="2" ind2=" ">
   <subfield code="a">Διεθνές Επιστημονικό Συνέδριο &quot;Διευρυμένη Ευρώπη και περιφερειακές ανισότητες</subfield>
   <subfield code="n">(2o :</subfield>
   <subfield code="d">2004</subfield>
   <subfield code="c">Πρέβεζα, Ελλάδα)</subfield>
  </datafield>
  <datafield tag="245" ind1="1" ind2="0">
   <subfield code="a">Διευρυμένη Ευρώπη και περιφερειακές ανισότητες:</subfield>
   <subfield code="b">2o Διεθνές επιστημονικό συνέδριο = Enlarged Europe and regional disparities : 2nd Internationa l scientific conference</subfield>
  </datafield>
  <datafield tag="260" ind1=" " ind2=" ">
   <subfield code="a">Πρέβεζα:</subfield>
   <subfield code="b">ΤΕΙ Ηπείρου,</subfield>
   <subfield code="c">2004</subfield>
  </datafield>
  <datafield tag="300" ind1=" " ind2=" ">
   <subfield code="a">750 σ.:</subfield>
   <subfield code="c">25 εκ.</subfield>
  </datafield>
  <datafield tag="650" ind1=" " ind2="4">
   <subfield code="a">Regional planning</subfield>
   <subfield code="z">European Union countries.</subfield>
  </datafield>
  <datafield tag="710" ind1="2" ind2=" ">
   <subfield code="a">Τεχνολογικό Εκπαιδευτικό Ιδρυμα Ηπείρου.</subfield>
  </datafield>
  <datafield tag="852" ind1=" " ind2=" ">
   <subfield code="a">INST</subfield>
   <subfield code="b">UNIPILB</subfield>
   <subfield code="c">MAIN</subfield>
   <subfield code="e">20050328</subfield>
   <subfield code="h">330.94 ΔΙΕ</subfield>
   <subfield code="p">00147228</subfield>
   <subfield code="q">00147228</subfield>
   <subfield code="t">LOAN</subfield>
   <subfield code="y">0</subfield>
   <subfield code="4">1</subfield>
  </datafield>
 </record>
</collection>
